The eating monster : (Record no. 356267)
[ view plain ]
| 000 -LEADER | |
|---|---|
| fixed length control field | 00655nam a2200253Ia 4500 |
| 008 - FIXED-LENGTH DATA ELEMENTS--GENERAL INFORMATION | |
| fixed length control field | 180313s9999 xx 000 0 und d |
| 020 ## - INTERNATIONAL STANDARD BOOK NUMBER | |
| International Standard Book Number | 9789810950248 |
| 050 ## - LIBRARY OF CONGRESS CALL NUMBER | |
| Item number | ER M538 2015 |
| 100 ## - MAIN ENTRY--PERSONAL NAME | |
| Personal name | Mendicino, Valentina |
| 245 #4 - TITLE STATEMENT | |
| Title | The eating monster : |
| 245 ## - TITLE STATEMENT | |
| Remainder of title | with the see-through tummy / |
| 245 ## - TITLE STATEMENT | |
| Statement of responsibility, etc | by Valentina Mendicino. |
| 260 ## - PUBLICATION, DISTRIBUTION, ETC. (IMPRINT) | |
| Place of publication, distribution, etc | New York, New York : |
| 260 ## - PUBLICATION, DISTRIBUTION, ETC. (IMPRINT) | |
| Name of publisher, distributor, etc | Scholastic Inc., |
| 260 ## - PUBLICATION, DISTRIBUTION, ETC. (IMPRINT) | |
| Date of publication, distribution, etc | 2015 |
| 300 ## - PHYSICAL DESCRIPTION | |
| Extent | unpaged : |
| 300 ## - PHYSICAL DESCRIPTION | |
| Other physical details | colored illustrations ; |
| 300 ## - PHYSICAL DESCRIPTION | |
| Dimensions | 25cm. |
| 650 ## - SUBJECT ADDED ENTRY--TOPICAL TERM | |
| Topical term or geographic name as entry element | Children's stories. |
| 650 ## - SUBJECT ADDED ENTRY--TOPICAL TERM | |
| Topical term or geographic name as entry element | Monsters -- |
| 650 ## - SUBJECT ADDED ENTRY--TOPICAL TERM | |
| Topical term or geographic name as entry element | Monsters. |
| 650 ## - SUBJECT ADDED ENTRY--TOPICAL TERM | |
| General subdivision | Juvenile fiction. |
| 700 ## - ADDED ENTRY--PERSONAL NAME | |
| Personal name | Title. |
| Withdrawn status | Lost status | Damaged status | Home library | Current library | Shelving location | Date acquired | Cost, normal purchase price | Total Checkouts | Full call number | Barcode | Date last seen | Price effective from | Koha item type |
|---|---|---|---|---|---|---|---|---|---|---|---|---|---|
| Stonyhurst Southville International School (Malarayat) | Stonyhurst Southville International School (Malarayat) | 03/13/2018 | 215.00 | M538 2015 | SSISM5503 | 03/13/2018 | 03/13/2018 | Books |